Datum a čas kvízu
23
Celkem bodů
Celkový počet nahraných bodů na tomto kvízu bez doplňovacích otázek.
9.
Pořadí na kvízu
Konečné umístění týmu na tomto kvízu.
Zaznamenané odpovědi
# | Otázka | Odpověď | Body | Výsledky |
---|---|---|---|---|
1. | Žena jednoho bývalého českého... | Petr Nečas | 1 | |
2. | Téměř dvě desetiletí hyzdil pa... | o Florencii | 0 | |
3. | Českou a slovenskou veřejnost... | Emma Smetana | 1 | |
4. | Mediální skupina Mafra ve čtvr... | Ticketportal | 1 | |
5. | Na turnaji Oktagon 72 v pražsk... | Patrik Kincl; Machmud Muradov | 1 | |
6. | Toto téma začneme prostě, a to... | Gryf | 0 | |
7. | Termínem Jókai (Yōkai) se ozna... | A | 0 | |
8. | V roce 2009 byl Rodinným autem... | Škoda Yeti | 0 | |
9. | V této otázce bude vaším úkole... | 1A 2C 3B 4D | 1 | |
10. | Na závěr jedno české mytologic... | Blaník | 0 |